| 000 -NÁVESTIE |
| fixed length control field |
00300nam a2200133 4500 |
| 008 - ÚDAJE S PEVNOU DĹŽKOU – VŠEOBECNÉ INFORMÁCIE |
| fixed length control field |
191022s2018||||xo d |
| 020 ## - MEDZINÁRODNÉ ŠTANDARDNÉ ČÍSLO KNIHY (ISBN) |
| Medzinárodné štandardné číslo knihy (ISBN) |
9788075672506 |
| Údaje o dostupnosti |
3,79 |
| 041 1# - KÓD JAZYKA |
| Kód jazyka textu/zvukovej stopy alebo samostatných nápisov |
slo |
| 044 ## - KÓD KRAJINY VYDAVATEĽA/PRODUCENTA |
| Kód krajiny MARC |
xo |
| Kód krajiny ISO |
SK |
| 245 10 - NÁZOV |
| Názov |
Rýchle vecere |
| 250 ## - ÚDAJ O PORADÍ VYDANIA |
| Údaj o poradí vydania |
1.vydanie |
| 260 ## - VYDAVATEĽSKÉ ÚDAJE, DISTRIBÚCIA ATĎ. |
| Názov vydavateľa, distibútora atď. |
Sun |
| Miesto publikovania, distribúcie atď. |
Rícany |
| Dátum publikovania, distribúcie atď. |
2018 |
| 300 ## - FYZICKÝ POPIS |
| Rozsah |
76s. |